000 00397nam a22001697a 4500
003 MPLRDC
005 20220104113745.0
008 210129b ||||| |||| 00| 0 eng d
082 _a857.7 YQ v.104 c.2
100 _a严沁
245 _a斯人独憔悴
_c
250 _a初版
260 _a
_b环球出版社
_c1984
300 _b
650 _a长篇小说
942 _cBK
_o857.7 YQ v.104 c.2
999 _c2123
_d2113